Απαιτείται συναρμολόγηση : αποκωδικοποιώντας 4 δισεκατομμύρια χρόνια ζωής

Saved in:
Bibliographic Details
Main Author: Shubin, Neil
Format: Book
Language:Greek
Published: Ηράκλειο : Πανεπιστημιακές Εκδόσεις Κρήτης, 2023.
Series:(Επιστημονική εκλαΐκευση)
Subjects:
Tags: Add Tag
No Tags, Be the first to tag this record!

MARC

LEADER 00000nam a2200000 a 4500
001 1/127307
008 230920s2023####gr | ||| |||| ||gre||
020 |a 9789605249816 
040 |a GR-MyUa  |b gre  |c GR-MyUa  |e AACR2 
041 1 |a gre 
082 7 |a 576.8  |2 (23) 
100 1 |a Shubin, Neil. 
245 1 0 |a Απαιτείται συναρμολόγηση :   |b αποκωδικοποιώντας 4 δισεκατομμύρια χρόνια ζωής /   |c Neil Shubin ; μετάφραση Έμυ Καραμέτα ; επιστημονική επιμέλεια Σπύρος Σφενδουράκης.  
260 |a Ηράκλειο :   |b Πανεπιστημιακές Εκδόσεις Κρήτης,   |c 2023.  
300 |a 356 σ. ;   |c 21 εκ.  
490 1 |a (Επιστημονική εκλαΐκευση) 
500 |a Τίτλος πρωτοτύπου : Some assembly required: decoding four billion years of life, from ancient fossils to DNA.  
504 |a Περιλαμβάνει ευρετήριο. 
650 0 |a Life  |x Origin. 
650 0 |a Paleontology. 
650 0 |a Evolution (Biology) 
852 |a INST  |b LESVOS  |e 20230920  |h 576.8 SHU  |p 005100065010  |q 005100065010  |t BK  |y 0 
970 |a Δημάκη  |b Μαρία  |z 20-09-2023